000 01246pam a2200337 a 4500
001 2452500
005 20170315163337.0
008 890811s1990 pau b 000 0 eng c
035 _9(DLC) 89013081
906 _a7
_bcbc
_corignew
_du
_eocip
_f19
_gy-gencatlg
010 _a 89013081
020 _a0397547226 :
_c$21.50 (est.)
040 _aDNLM/DLC
_cDLC
_dDLC
050 0 0 _aRT55
_b.M29 1990
060 _aWY 18 M47755L
082 0 0 _a610.73/076
_220
100 1 _aMcConnell, Edwina A.
245 1 0 _aLippincott's State board review for NCLEX-RN /
_cEdwina A. McConnell, LuVerne Wolff Lewis.
250 _a4th ed.
260 _aPhiladelphia :
_bLippincott,
_cc1990.
300 _axxii, 591 p. ;
_c28 cm.
500 _aRev. ed. of: Lippincott's State board review for NCLEX-RN / LuVerne Wolff Lewis. 3rd ed. c1986.
504 _aIncludes bibliographical references.
650 0 _aNursing
_xExaminations, questions, etc.
650 2 _aNursing
_xexamination questions.
700 1 _aLewis, LuVerne Wolff.
700 1 _aLewis, LuVerne Wolff.
_tLippincott's State board review for NCLEX-RN.
740 0 _aState board review of NCLEX-RN.
991 _bc-GenColl
_hRT55
_i.M29 1990
_p00025852928
_tCopy 1
_wBOOKS
999 _c5688
_d5688